International accounting / (Record no. 19011)
[ view plain ]
| 000 -LEADER | |
|---|---|
| fixed length control field | 00897nam a22002657a 4500 |
| 005 - DATE AND TIME OF LATEST TRANSACTION | |
| control field | 20201128021221.0 |
| 008 - FIXED-LENGTH DATA ELEMENTS--GENERAL INFORMATION | |
| fixed length control field | 150219s2015 nyua frb 001 0 eng d |
| 020 ## - INTERNATIONAL STANDARD BOOK NUMBER | |
| International Standard Book Number | 9781259252112 |
| 020 ## - INTERNATIONAL STANDARD BOOK NUMBER | |
| International Standard Book Number | 1259252116 |
| 040 ## - CATALOGING SOURCE | |
| Original cataloging agency | EG-ScBUE |
| Language of cataloging | eng |
| Transcribing agency | EG-ScBUE |
| Modifying agency | EG-ScBUE |
| 082 04 - DEWEY DECIMAL CLASSIFICATION NUMBER | |
| Edition number | 22 |
| Classification number | 657.96 |
| Item number | DOU |
| 100 ## - MAIN ENTRY--PERSONAL NAME | |
| Personal name | Doupnik, Timothy S. |
| 9 (RLIN) | 22502 |
| 245 10 - TITLE STATEMENT | |
| Title | International accounting / |
| Statement of responsibility, etc | Timothy Doupnik, Hector Perera. |
| 250 ## - EDITION STATEMENT | |
| Edition statement | 4th ed., McGraw-Hill internatonal ed. |
| 260 ## - PUBLICATION, DISTRIBUTION, ETC. (IMPRINT) | |
| Place of publication, distribution, etc | New York : |
| Name of publisher, distributor, etc | McGraw-Hill Education, |
| Date of publication, distribution, etc | 2015. |
| 300 ## - PHYSICAL DESCRIPTION | |
| Extent | xx, 780 p. : |
| Other physical details | ill. ; |
| Dimensions | 26 cm. |
| 500 ## - GENERAL NOTE | |
| General note | Index : p. 772-780. |
| 504 ## - BIBLIOGRAPHY, ETC. NOTE | |
| Bibliography, etc | Includes bibliographical references. |
| 650 #7 - SUBJECT ADDED ENTRY--TOPICAL TERM | |
| Topical term or geographic name as entry element | International business enterprises |
| General subdivision | Accounting. |
| 9 (RLIN) | 3016 |
| Source of heading or term | BUEsh |
| 651 ## - SUBJECT ADDED ENTRY--GEOGRAPHIC NAME | |
| Source of heading or term | BUEsh |
| 653 ## - INDEX TERM--UNCONTROLLED | |
| Resource For college | BAEPS, Business Administration |
| Arrived date list | February2015 |
| -- | February2017 |
| 655 ## - INDEX TERM--GENRE/FORM | |
| Form subdivision | Text book |
| -- | 33728 |
| 700 1# - ADDED ENTRY--PERSONAL NAME | |
| Personal name | Perera, M. H. B. |
| 9 (RLIN) | 37470 |
| 942 ## - ADDED ENTRY ELEMENTS (KOHA) | |
| Source of classification or shelving scheme | Dewey Decimal Classification |
| Call number prefix | 657.96 DOU |
| Withdrawn status | Item status | Source of classification or shelving scheme | Damaged status | Not for loan | Vendor | Home library | Current library | Shelving location | Date acquired | Cost, normal purchase price | Full call number | Barcode | Date last seen | Cost, replacement price | Koha item type | Total Checkouts | Total Renewals | Date last borrowed | Source of acquisition |
|---|---|---|---|---|---|---|---|---|---|---|---|---|---|---|---|---|---|---|---|
| Dewey Decimal Classification | Baccah | Central Library | Central Library | First floor | 19/02/2015 | 270.00 | 657.96 DOU | 000037474 | 15/07/2025 | 338.00 | NB - Book (Non borrowing) | ||||||||
| Dewey Decimal Classification | Baccah | Central Library | Central Library | First floor | 19/02/2015 | 270.00 | 657.96 DOU | 000037475 | 15/07/2025 | 338.00 | Book - Borrowing | 1 | 10 | 22/02/2023 | |||||
| Dewey Decimal Classification | Baccah | Central Library | Central Library | First floor | 19/02/2015 | 270.00 | 657.96 DOU | 000037476 | 15/07/2025 | 338.00 | Book - Borrowing | 4 | 6 | 24/04/2019 | Purchase | ||||
| Dewey Decimal Classification | Baccah | Central Library | Central Library | First floor | 13/02/2017 | 657.96 DOU | 000045441 | 15/07/2025 | Book - Borrowing | 1 | 9 | 21/04/2019 | Purchase | ||||||
| Dewey Decimal Classification | Baccah | Central Library | Central Library | First floor | 13/02/2017 | 657.96 DOU | 000045442 | 15/07/2025 | NB - Book (Non borrowing) | Purchase | |||||||||
| Dewey Decimal Classification | Baccah | Central Library | Central Library | First floor | 13/02/2017 | 657.96 DOU | 000045443 | 15/07/2025 | Book - Borrowing | 8 | 47 | 01/03/2020 | Purchase | ||||||
| Dewey Decimal Classification | Baccah | Central Library | Central Library | First floor | 13/02/2017 | 657.96 DOU | 000045444 | 15/07/2025 | Book - Borrowing | 7 | 61 | 26/02/2020 | Purchase |